[Event "PRO League Central 2017"]
[Site "chess.com INT"]
[Date "2017.02.01"]
[Round "4"]
[White "Burg, Twan"]
[Black "Cornette, Matthieu"]
[Result "1/2-1/2"]
[WhiteTitle "GM"]
[BlackTitle "GM"]
[WhiteElo "2508"]
[BlackElo "2586"]
[WhiteTeam "Hamburg Swashbucklers"]
[BlackTeam "Cannes Blockbusters"]
[WhiteFideId "1010697"]
[BlackFideId "620084"]
[EventDate "2017.01.11"]

1. e4 d6 2. d4 Nf6 3. Nc3 e5 4. Nf3 Nbd7 5. Bc4 Be7 6. O-O O-O 7. a4 exd4 8.
Nxd4 Nb6 9. Bd3 a5 10. Re1 Nfd7 11. Nf5 Bf6 12. Be3 g6 13. Nh6+ Kh8 14. Ng4 Bg7
15. h3 Nc5 16. Bxc5 dxc5 17. e5 h5 18. Nh2 c4 19. Bf1 Qxd1 20. Raxd1 Bf5 21. Rd2
Rad8 22. Rde2 Rd7 23. g4 hxg4 24. hxg4 Be6 25. Bg2 c6 26. f4 Rfd8 27. Bh3 Nd5
28. Nxd5 Bxd5 29. g5 Be6 30. Bxe6 fxe6 31. Ng4 Rd2 32. Kf2 Kg8 33. Nf6+ Kf7 34.
Ne4 Rxe2+ 35. Kxe2 Bf8 36. Rh1 Kg7 37. Nf6 Kf7 38. Ne4 Kg7 39. Nf6 Kf7 40. Ne4
Kg7 1/2-1/2

[Event "PRO League Central 2017"]
[Site "chess.com INT"]
[Date "2017.02.01"]
[Round "4"]
[White "Vertetics, Attila"]
[Black "Haria, Ravi"]
[Result "1-0"]
[WhiteTitle "IM"]
[BlackTitle "FM"]
[WhiteElo "2416"]
[BlackElo "2382"]
[WhiteTeam "Budapest Gambit"]
[BlackTeam "London Lions"]
[WhiteFideId "723720"]
[BlackFideId "415820"]
[EventDate "2017.01.11"]

1. d4 e6 2. c4 d5 3. cxd5 exd5 4. Nc3 c6 5. Bf4 Bf5 6. e3 Nf6 7. Bd3 Bxd3 8.
Qxd3 Be7 9. Nf3 O-O 10. O-O Na6 11. h3 Nc7 12. Bh2 a6 13. Ne5 Nb5 14. Na4 Nd6
15. b3 Nfe4 16. f3 Ng5 17. Qd2 Ne6 18. Rac1 Nf5 19. Qd3 g6 20. g4 Nd6 21. Qe2
Re8 22. Kg2 Bf8 23. Qf2 Bh6 24. Rfe1 f5 25. Nd3 Rf8 26. Nac5 Nxc5 27. Nxc5 Rf7
28. Bxd6 Qxd6 29. Nd3 Bg7 30. g5 Re8 31. f4 Re4 32. b4 Rfe7 33. Nc5 Re8 34. Nxe4
Rxe4 35. a3 Bf8 36. h4 a5 37. Rb1 axb4 38. axb4 Qc7 39. Qa2 Qd7 40. Kf3 Re8 41.
b5 Qe6 42. bxc6 bxc6 43. Qc2 Bg7 44. Rbc1 Rc8 45. Qd3 Bf8 46. Re2 c5 47. dxc5
Bxc5 48. Rec2 Qd6 49. Kg3 Rc7 50. h5 d4 51. exd4 Bb6 52. Rxc7 Bxc7 53. Qc4+ 1-0

[Event "PRO League Central 2017"]
[Site "chess.com INT"]
[Date "2017.02.01"]
[Round "4"]
[White "Vertetics, Attila"]
[Black "Adair, James R"]
[Result "1/2-1/2"]
[WhiteTitle "IM"]
[BlackTitle "IM"]
[WhiteElo "2416"]
[BlackElo "2480"]
[WhiteTeam "Budapest Gambit"]
[BlackTeam "London Lions"]
[WhiteFideId "723720"]
[BlackFideId "406252"]
[EventDate "2017.01.11"]

1. d4 Nf6 2. Nf3 e6 3. c4 d5 4. cxd5 exd5 5. Nc3 c6 6. Bg5 h6 7. Bh4 Bf5 8. e3
Nbd7 9. Bd3 Bxd3 10. Qxd3 Be7 11. O-O O-O 12. Rfe1 Re8 13. Nd2 Nb6 14. Rac1 a5
15. Qc2 Nfd7 16. Bxe7 Rxe7 17. Na4 Nxa4 18. Qxa4 Nb6 19. Qc2 Qc7 20. Qc5 Nc8 21.
Rc2 Nd6 22. Rec1 Qd8 23. a4 Ra6 24. Qc3 Ne4 25. Nxe4 Rxe4 1/2-1/2

[Event "PRO League Pacific 2017"]
[Site "chess.com INT"]
[Date "2017.01.11"]
[Round "1"]
[White "Orlov, Georgi"]
[Black "Khachiyan, Melikset"]
[Result "0-1"]
[WhiteTitle "IM"]
[BlackTitle "GM"]
[WhiteElo "2475"]
[BlackElo "2530"]
[WhiteTeam "Seattle Sluggers"]
[BlackTeam "San Diego Surfers"]
[WhiteFideId "2011271"]
[BlackFideId "13300512"]
[EventDate "2017.01.11"]

1. e4 c5 2. Nf3 Nc6 3. Bb5 d6 4. Bxc6+ bxc6 5. h3 e5 6. O-O Nf6 7. Re1 Be7 8. c3
O-O 9. d4 cxd4 10. cxd4 Nd7 11. dxe5 Nxe5 12. Nxe5 dxe5 13. Qc2 Qd6 14. Be3 Qg6
15. Kh2 Rd8 16. Nd2 Ba6 17. Nc4 Bxc4 18. Qxc4 Bg5 19. Qc3 Bxe3 20. Rxe3 Rd4 21.
Rc1 Rxe4 22. Qxc6 Qxc6 23. Rxc6 Rxe3 24. fxe3 a5 25. b3 Kf8 26. Kg3 Ke7 27. Rc7+
Ke6 28. Kf3 Ra6 29. g4 h6 30. Ke4 g6 31. Kd3 f5 32. Rh7 Rd6+ 33. Kc4 f4 34. exf4
exf4 35. Rxh6 Ke5 36. Rh8 f3 37. Rf8 Ke4 38. h4 Ke3 39. h5 gxh5 40. gxh5 f2 41.
Re8+ Kf3 42. Rf8+ Ke2 43. Re8+ Kf1 44. Rf8 Re6 45. a4 Ke2 46. Kd5 Rh6 47. Re8+
Kd2 48. Rf8 Rxh5+ 49. Kc4 Ke3 50. Rf7 Rh4+ 51. Kb5 Rf4 0-1

[Event "PRO League Pacific 2017"]
[Site "chess.com INT"]
[Date "2017.01.11"]
[Round "1"]
[White "Orlov, Georgi"]
[Black "Hilby, Craig"]
[Result "0-1"]
[WhiteTitle "IM"]
[BlackTitle "FM"]
[WhiteElo "2475"]
[BlackElo "2334"]
[WhiteTeam "Seattle Sluggers"]
[BlackTeam "San Diego Surfers"]
[WhiteFideId "2011271"]
[BlackFideId "2062674"]
[EventDate "2017.01.11"]

1. d4 Nf6 2. Nf3 e6 3. c4 c5 4. d5 exd5 5. cxd5 d6 6. Nc3 g6 7. e4 Bg7 8. Be2
O-O 9. Nd2 Re8 10. O-O Na6 11. f3 Nc7 12. a4 Nd7 13. Nc4 Ne5 14. Na3 f5 15. exf5
gxf5 16. f4 Ng6 17. Nc4 Bd4+ 18. Kh1 Qf6 19. Ra3 Bd7 20. Na5 Rab8 21. Bc4 a6 22.
Ba2 b5 23. axb5 axb5 24. Nc6 Ra8 25. Nxd4 Qxd4 26. Re1 Rxa3 27. bxa3 Qxc3 28.
Rxe8+ Bxe8 29. Bb1 Bf7 30. Bxf5 Nxd5 31. Be4 Ndxf4 32. g3 Ne6 33. Bh6 Qd4 34.
Qf3 Qe5 35. Bd5 c4 36. h4 c3 37. h5 Ne7 38. Bb3 d5 39. Bd1 Qe4 40. Qxe4 dxe4 41.
Bc2 Bxh5 42. Bxe4 Bg6 43. Bb7 Nc5 44. Bg2 c2 45. Bg5 Nb3 46. Bf1 c1=Q 47. Bxc1
Nxc1 48. Bxb5 Be4+ 49. Kg1 Nb3 50. Kf2 Kg7 51. a4 Bc6 52. Bc4 Bxa4 53. Ke3 Nc5
54. Kd4 Nd7 55. Be6 Bc6 56. Ke3 Kf6 57. Bh3 Ne5 58. Kf4 N7g6+ 59. Ke3 Kg5 60.
Bf1 Kg4 61. Kf2 Ne7 62. Be2+ Bf3 63. Bb5 Nf5 64. Ba6 Nxg3 65. Bc8+ Kf4 0-1

[Event "PRO League Pacific 2017"]
[Site "chess.com INT"]
[Date "2017.01.11"]
[Round "1"]
[White "Kretchetov, Alexandre"]
[Black "Vazquez, Guillermo"]
[Result "0-1"]
[WhiteTitle "FM"]
[BlackTitle "IM"]
[WhiteElo "2242"]
[BlackElo "2437"]
[WhiteTeam "Las Vegas Desert Rats"]
[BlackTeam "Rio Grande Ospreys"]
[WhiteFideId "4124588"]
[BlackFideId "3702308"]
[EventDate "2017.01.11"]

1. Nf3 d5 2. d4 Nf6 3. c4 e6 4. Nc3 dxc4 5. a4 c5 6. e3 cxd4 7. exd4 Nc6 8. Bxc4
Bb4 9. O-O O-O 10. Bg5 b6 11. Rc1 Bb7 12. Ba2 Be7 13. Bb1 Nb4 14. Ne5 Nd7 15.
Qh5 f5 16. Bxe7 Qxe7 17. Rfe1 Rad8 18. Nf3 Rf6 19. Re3 Nf8 20. Rce1 Nd5 21. Nxd5
Bxd5 22. Qh4 Ng6 23. Qh5 Qb4 24. Ng5 Nf8 25. Qd1 Qxb2 26. Nh3 Ng6 27. Ng5 Nf8
28. Nh3 Ng6 29. Ng5 Nf4 30. g3 Ng2 31. R3e2 Qa3 32. Rf1 h6 33. Nxe6 Bxe6 34.
Kxg2 Bd5+ 35. f3 Bc4 36. Rfe1 Bxe2 37. Qxe2 Rxd4 38. Qe8+ Rf8 39. Qe6+ Kh8 40.
Bxf5 Qd6 41. Qe8 Qf6 42. Bg6 Qxf3+ 43. Kh3 Rd8 44. Qe7 Qf6 45. Qe4 Rd4 46. Qc2
Qd8 47. Re2 Qc8+ 48. Kg2 Qxc2 49. Bxc2 Rfd8 0-1

[Event "PRO League Pacific 2017"]
[Site "chess.com INT"]
[Date "2017.01.11"]
[Round "1"]
[White "Kretchetov, Alexandre"]
[Black "Belous, Vladimir"]
[Result "0-1"]
[WhiteTitle "FM"]
[BlackTitle "GM"]
[WhiteElo "2242"]
[BlackElo "2564"]
[WhiteTeam "Las Vegas Desert Rats"]
[BlackTeam "Rio Grande Ospreys"]
[WhiteFideId "4124588"]
[BlackFideId "4174003"]
[EventDate "2017.01.11"]

1. d4 Nf6 2. Bg5 e6 3. e3 c5 4. c3 Nc6 5. Bd3 cxd4 6. exd4 Qa5 7. Qd2 Be7 8. Nf3
d6 9. O-O h6 10. Bh4 g5 11. Bg3 g4 12. Ne1 h5 13. Bh4 Ne4 14. Bxe4 Bxh4 15. d5
Ne5 16. Na3 f5 17. Bc2 Qxd5 18. Qxd5 exd5 19. Rd1 Be6 20. Bb3 Nc4 21. Nb5 Kd7
22. Nd3 Bg5 23. Bxc4 dxc4 24. Ne5+ Ke7 25. Ng6+ Kf6 26. Nxh8 Rxh8 27. Rxd6 Bf4
28. Rdd1 h4 29. Nd4 Bc8 30. g3 hxg3 31. fxg3 Be3+ 32. Kg2 b6 33. Rfe1 f4 34.
gxf4 Bxf4 35. Rf1 Kg5 36. Rxf4 Kxf4 37. Rf1+ Ke3 38. Re1+ Kd3 39. Re7 a6 40. a4
Kd2 41. Re2+ Kc1 42. Kg3 Bd7 43. b3 cxb3 44. Nxb3+ Kb1 45. a5 bxa5 46. Nxa5 Rh3+
47. Kf4 Rxc3 48. Rd2 Bc8 49. Rd4 Rf3+ 50. Ke4 Rf2 51. Rc4 Bf5+ 52. Ke5 Bd7 53.
Rd4 Rxh2 54. Rxd7 Rh5+ 55. Kf4 Rxa5 56. Kxg4 Rb5 57. Kf4 a5 58. Ke4 Rb4+ 59. Kd3
Kb2 60. Rh7 a4 61. Rh2+ Kb3 62. Kd2 a3 63. Kc1 a2 64. Rb2+ Ka3 65. Rxb4 a1=Q+
66. Rb1 Qc3+ 67. Kd1 Ka2 68. Rc1 Qd3+ 69. Ke1 Kb2 0-1

[Event "PRO League Pacific 2017"]
[Site "chess.com INT"]
[Date "2017.01.11"]
[Round "1"]
[White "Arribas Lopez, Angel"]
[Black "Rosenthal, Nicholas"]
[Result "0-1"]
[WhiteTitle "GM"]
[WhiteElo "2511"]
[BlackElo "2156"]
[WhiteTeam "Dallas Destiny"]
[BlackTeam "St Louis Arch Bishops"]
[WhiteFideId "2283352"]
[BlackFideId "2045150"]
[EventDate "2017.01.11"]

1. e4 e6 2. d4 d5 3. Bd3 dxe4 4. Bxe4 Nf6 5. Bf3 c5 6. Ne2 Nc6 7. Be3 cxd4 8.
Nxd4 Ne5 9. Nc3 a6 10. Qe2 Bb4 11. O-O-O Bxc3 12. Nc6 Bxb2+ 13. Kxb2 Nxc6 14.
Bxc6+ Bd7 15. Bf3 Qe7 16. Bd4 Rc8 17. Qe5 Qb4+ 18. Ka1 Rxc2 19. Bb2 O-O 20. a3
Qb5 21. Rb1 Qxe5 22. Bxe5 Rxf2 23. Rxb7 Bb5 24. Rc1 Nd5 25. Rb8 Rxb8 26. Bxb8
Rf1 27. Rxf1 Bxf1 28. Kb2 Bc4 29. Bd6 f6 30. h4 Kf7 31. h5 e5 32. a4 Ke6 33. Bf8
g6 34. h6 f5 35. g4 e4 36. gxf5+ gxf5 37. Bh5 e3 38. Kc1 Nf4 39. Bf3 Bd5 40.
Bxd5+ Kxd5 0-1

[Event "PRO League Pacific 2017"]
[Site "chess.com INT"]
[Date "2017.01.11"]
[Round "1"]
[White "Kannappan, Priyadharshan"]
[Black "Yoo, Christopher Woojin"]
[Result "0-1"]
[WhiteTitle "GM"]
[WhiteElo "2527"]
[BlackElo "1854"]
[WhiteTeam "Webster Windmills"]
[BlackTeam "San Jose Hackers"]
[WhiteFideId "5018293"]
[BlackFideId "30909694"]
[EventDate "2017.01.11"]

1. e4 e5 2. Nf3 Nc6 3. Bb5 Nf6 4. O-O Bc5 5. Nxe5 Nxe5 6. d4 c6 7. Be2 Bb6 8.
dxe5 Nxe4 9. Nc3 d5 10. exd6 Nxd6 11. Bf4 Nf5 12. Na4 O-O 13. Nxb6 Qxb6 14. Qc1
Be6 15. c3 Rad8 16. Qc2 Qc5 17. Rac1 a5 18. b3 Rd7 19. Rfd1 Rfd8 20. Rxd7 Rxd7
21. Rd1 Rd4 22. Qc1 Rxd1+ 23. Qxd1 Qd5 24. Qxd5 Bxd5 25. Bd3 g6 26. c4 Be6 27.
Bc7 a4 28. bxa4 Kf8 29. g4 Ng7 30. Bd6+ Ke8 31. Be5 Kf8 32. f3 Ne8 33. Kf2 c5
34. Ke3 Ke7 35. Kd2 Nd6 36. Kc3 Bd7 37. a5 Ba4 38. Be2 Kd7 39. h4 Bc6 40. Bf4 h5
41. Be3 hxg4 42. fxg4 Ne4+ 43. Kd3 Ke6 44. Bf4 f5 45. g5 Nf2+ 46. Ke3 Ne4 47. h5
gxh5 48. Bxh5 Nc3 49. Kd2 Ne4+ 50. Kd3 Nf2+ 51. Ke3 Ng4+ 52. Ke2 Ne5 53. g6 Be8 0-1

[Event "PRO League Pacific 2017"]
[Site "chess.com INT"]
[Date "2017.01.11"]
[Round "1"]
[White "Wheeler, Cameron"]
[Black "Petesch, Gabriel N"]
[Result "1-0"]
[WhiteTitle "FM"]
[BlackTitle "FM"]
[WhiteElo "2398"]
[BlackElo "2260"]
[WhiteTeam "San Francisco Mechanics"]
[BlackTeam "Pittsburgh Pawngrabbers"]
[WhiteFideId "2060531"]
[BlackFideId "2032465"]
[EventDate "2017.01.11"]

1. d4 d5 2. c4 c5 3. cxd5 Nf6 4. Nf3 cxd4 5. Qxd4 Qxd5 6. Nc3 Qxd4 7. Nxd4 a6 8.
g3 e5 9. Nc2 Bd7 10. Bg2 Bc6 11. e4 Nbd7 12. O-O Bc5 13. Ne3 Rc8 14. Rd1 O-O 15.
Ncd5 Rfe8 16. Rb1 Bd4 17. Nf5 Bc5 18. Be3 Bxd5 19. exd5 g6 20. Bxc5 Rxc5 21. Nd6
Rb8 22. Rbc1 Kf8 23. Rxc5 Nxc5 24. Rc1 Rd8 25. Nxf7 Kxf7 26. Rxc5 Rd7 27. d6
Rxd6 28. Bxb7 e4 29. Re5 Rd1+ 30. Kg2 Rd2 31. Bxa6 Ng4 32. Rxe4 h5 33. h3 Nf6
34. Rb4 Ke7 35. Rb7+ Kd6 36. Rb6+ Ke7 37. Kf3 g5 38. Rb7+ Kd6 39. Rb6+ Ke7 40.
Bc4 Nd7 41. Re6+ Kd8 42. Re2 Rd4 43. Bb3 Nc5 44. Re5 g4+ 45. hxg4 hxg4+ 46. Ke3
Nb7 1-0

[Event "PRO League Pacific 2017"]
[Site "chess.com INT"]
[Date "2017.01.11"]
[Round "1"]
[White "Wheeler, Cameron"]
[Black "Shabalov, Alexander"]
[Result "1-0"]
[WhiteTitle "FM"]
[BlackTitle "GM"]
[WhiteElo "2398"]
[BlackElo "2563"]
[WhiteTeam "San Francisco Mechanics"]
[BlackTeam "Pittsburgh Pawngrabbers"]
[WhiteFideId "2060531"]
[BlackFideId "2008572"]
[EventDate "2017.01.11"]

1. d4 d6 2. e4 g6 3. Nf3 Bg7 4. Nc3 a6 5. Bd3 b5 6. O-O Nd7 7. Bg5 Bb7 8. Re1 h6
9. Bh4 c5 10. e5 cxd4 11. Nxb5 Nxe5 12. Nbxd4 Nxf3+ 13. Nxf3 Nf6 14. Qe2 g5 15.
Bg3 e5 16. h4 g4 17. Nh2 h5 18. f3 O-O 19. fxg4 e4 20. Bc4 d5 21. Bb3 hxg4 22.
Nxg4 Qb6+ 23. Kh1 Nh5 24. Bh2 d4 25. Nf2 Qg6 26. Qg4 Qxg4 27. Nxg4 Kh7 28. Ne5
f5 29. Nf7 Kg6 30. Ng5 Bf6 31. Ne6 Rh8 32. g3 f4 33. g4 e3+ 34. Kg1 Bxh4 35.
gxh5+ Kf5 36. Nxd4+ Ke4 37. Ne6 Rag8+ 38. Kf1 Bxe1 39. Nc5+ Kf3 40. Bxg8 Bd2 41.
Bc4 Kg4 42. Nxb7 Rxh5 43. Bg1 f3 44. Nd6 Rh1 45. Ne4 Kf4 46. Nxd2 f2 47. Nf3 Rh3
48. Be2 Kg3 49. Rd1 Rh1 50. Rd4 1-0

[Event "PRO League Pacific 2017"]
[Site "chess.com INT"]
[Date "2017.01.11"]
[Round "1"]
[White "Finegold, Benjamin"]
[Black "Arribas Lopez, Angel"]
[Result "1/2-1/2"]
[WhiteTitle "GM"]
[BlackTitle "GM"]
[WhiteElo "2483"]
[BlackElo "2511"]
[WhiteTeam "St Louis Arch Bishops"]
[BlackTeam "Dallas Destiny"]
[WhiteFideId "2000261"]
[BlackFideId "2283352"]
[EventDate "2017.01.11"]

1. d4 d6 2. Nf3 Nf6 3. c4 g6 4. Nc3 Bg7 5. e4 Bg4 6. Be2 O-O 7. Be3 Nfd7 8. Ng1
Bxe2 9. Ngxe2 c5 10. O-O cxd4 11. Nxd4 Nc6 12. Rc1 Qa5 13. Nb3 Qa6 14. c5 Nxc5
15. Nxc5 dxc5 16. Bxc5 Rfd8 17. Qb3 Rd3 18. a4 e6 19. Qb5 Qxb5 20. axb5 Ne5 21.
Ra1 Nc4 22. Rxa7 Rxa7 23. Bxa7 Nxb2 24. Ne2 Ra3 25. Bc5 Rb3 26. h3 Rxb5 27. Be7
h5 28. Rc1 Nd3 29. Rd1 Rb3 30. f4 e5 31. f5 Bh6 32. Ra1 Be3+ 33. Kh2 Kg7 34. f6+
Kh6 35. h4 Nf2 36. Ra8 Ng4+ 37. Kh3 Bg5+ 38. Ng3 Bxf6 39. Rf8 Bxe7 40. Rh8+ Kg7
41. Rg8+ Kxg8 1/2-1/2

[Event "PRO League Pacific 2017"]
[Site "chess.com INT"]
[Date "2017.01.11"]
[Round "1"]
[White "Finegold, Benjamin"]
[Black "Harmon-Vellotti, Luke"]
[Result "0-1"]
[WhiteTitle "GM"]
[BlackTitle "IM"]
[WhiteElo "2483"]
[BlackElo "2454"]
[WhiteTeam "St Louis Arch Bishops"]
[BlackTeam "Dallas Destiny"]
[WhiteFideId "2000261"]
[BlackFideId "2030012"]
[EventDate "2017.01.11"]

1. d4 Nf6 2. c4 e6 3. Nc3 Bb4 4. Qc2 O-O 5. Nf3 c5 6. dxc5 Na6 7. g3 Nxc5 8. Bg2
b6 9. O-O Bb7 10. Bf4 Bxc3 11. Qxc3 d5 12. Rad1 Qe7 13. Qa3 Rfd8 14. cxd5 Nxd5
15. Bg5 f6 16. Bc1 a5 17. Be3 Nxe3 18. Qxe3 e5 19. h4 Rd7 20. h5 Rad8 21. Rc1 e4
22. Nh4 Qe5 23. Bh3 Rd2 24. Bg4 Qg5 25. Qxg5 fxg5 26. Nf5 Ba6 27. a3 Rxb2 28.
Rb1 Rdd2 29. Rxb2 Rxb2 30. Rd1 Bxe2 31. Bxe2 Rxe2 32. Rd6 Rb2 33. Rc6 Nd3 34.
Rc7 Rxf2 35. g4 g6 36. hxg6 hxg6 37. Rg7+ Kf8 38. Rxg6 Rf4 39. Rxg5 Ne5 40. Rh5
Nxg4 41. Ng3 e3 42. Rb5 Rf6 43. Rg5 Nf2 44. Kg2 Nd3 45. Rh5 Nf4+ 46. Kg1 Nxh5
47. Nxh5 e2 0-1

[Event "PRO League Pacific 2017"]
[Site "chess.com INT"]
[Date "2017.01.11"]
[Round "1"]
[White "Hevia Alejano, Carlos Antonio"]
[Black "Kretchetov, Alexandre"]
[Result "1-0"]
[WhiteTitle "GM"]
[BlackTitle "FM"]
[WhiteElo "2496"]
[BlackElo "2242"]
[WhiteTeam "Rio Grande Ospreys"]
[BlackTeam "Las Vegas Desert Rats"]
[WhiteFideId "3508811"]
[BlackFideId "4124588"]
[EventDate "2017.01.11"]

1. e4 e5 2. Nf3 Nc6 3. Bb5 g6 4. O-O Bg7 5. c3 a6 6. Ba4 d6 7. d4 Bd7 8. d5 Nb8
9. c4 Nf6 10. Bc2 O-O 11. Nc3 Bc8 12. Be3 Nh5 13. Nd2 Qe8 14. c5 f5 15. exf5
gxf5 16. cxd6 cxd6 17. Nc4 f4 18. Nxd6 Qd7 19. Qxh5 1-0

[Event "PRO League Pacific 2017"]
[Site "chess.com INT"]
[Date "2017.01.11"]
[Round "1"]
[White "Chirila, Ioan-Cristian"]
[Black "Kannappan, Priyadharshan"]
[Result "1-0"]
[WhiteTitle "GM"]
[BlackTitle "GM"]
[WhiteElo "2533"]
[BlackElo "2527"]
[WhiteTeam "San Jose Hackers"]
[BlackTeam "Webster Windmills"]
[WhiteFideId "1211668"]
[BlackFideId "5018293"]
[EventDate "2017.01.11"]

1. Nf3 Nf6 2. g3 b5 3. Bg2 Bb7 4. O-O e6 5. d4 c5 6. a4 b4 7. a5 Na6 8. Nbd2
cxd4 9. Nb3 Be7 10. Qxd4 Qc7 11. Bf4 Qxc2 12. Ne1 Qc8 13. Rc1 Bc6 14. Bd6 Bxd6
15. Qxd6 Nd5 16. Bxd5 exd5 17. Qe5+ Kf8 18. Nd4 Qb8 19. Qg5 f6 20. Qg4 h5 21.
Qf5 Qe5 22. Qd3 Nb8 23. Nef3 Qe4 24. Qb3 h4 25. Qxb4+ Kf7 26. Qd6 h3 27. Rc3 Qe7
28. Qf4 g6 29. Re3 Qd8 30. Ne5+ Kg7 31. Nxg6 Kxg6 32. Qg4+ Kf7 33. Nf5 Rh7 34.
Nd6+ Kf8 35. Qg6 1-0

[Event "PRO League Pacific 2017"]
[Site "chess.com INT"]
[Date "2017.01.11"]
[Round "1"]
[White "Chirila, Ioan-Cristian"]
[Black "Rosen, Eric S"]
[Result "1-0"]
[WhiteTitle "GM"]
[BlackTitle "IM"]
[WhiteElo "2533"]
[BlackElo "2364"]
[WhiteTeam "San Jose Hackers"]
[BlackTeam "Webster Windmills"]
[WhiteFideId "1211668"]
[BlackFideId "2032562"]
[EventDate "2017.01.11"]

1. Nf3 Nf6 2. g3 d5 3. Bg2 e6 4. O-O Be7 5. b3 O-O 6. Bb2 c5 7. c4 d4 8. e3 Nc6
9. exd4 cxd4 10. Re1 Ne8 11. d3 f6 12. Ba3 e5 13. Bxe7 Qxe7 14. a3 a5 15. Nbd2
Nc7 16. Qc2 Be6 17. Qb2 Na6 18. Ne4 Rab8 19. Rac1 b6 20. Nh4 g5 21. Nf3 h6 22.
Nfd2 Rfc8 23. f4 gxf4 24. gxf4 Kh8 25. Nf3 Rg8 26. fxe5 fxe5 27. Ng3 Qd6 28. Qd2
Kh7 29. Nh4 Bd7 30. Rf1 Rbf8 31. Be4+ Kh8 32. Rxf8 Rxf8 33. Ng6+ Kg8 34. Qxh6
Rf6 35. Nh5 Rxg6+ 36. Bxg6 Qe7 37. Rf1 1-0

[Event "PRO League Pacific 2017"]
[Site "chess.com INT"]
[Date "2017.01.11"]
[Round "1"]
[White "Naroditsky, Daniel"]
[Black "Kannappan, Priyadharshan"]
[Result "1-0"]
[WhiteTitle "GM"]
[BlackTitle "GM"]
[WhiteElo "2646"]
[BlackElo "2527"]
[WhiteTeam "San Jose Hackers"]
[BlackTeam "Webster Windmills"]
[WhiteFideId "2026961"]
[BlackFideId "5018293"]
[EventDate "2017.01.11"]

1. d4 d5 2. Bf4 c5 3. dxc5 e6 4. e4 Nf6 5. exd5 Nxd5 6. Bg3 Bxc5 7. Nd2 O-O 8.
Ngf3 b6 9. Bd3 Ba6 10. Bxa6 Nxa6 11. Qe2 Qc8 12. a3 Be7 13. c4 Nf6 14. b4 Qb7
15. O-O Rfd8 16. Rab1 h6 17. Ne5 Rac8 18. c5 Nb8 19. Ndc4 bxc5 20. b5 Qe4 21.
Qa2 Nh5 22. Nxf7 Kxf7 23. Ne5+ Kf6 24. Rbe1 Qf5 25. Bh4+ g5 26. g4 Qf4 27. Bg3
Qd2 28. Qb1 Rg8 29. Qh7 1-0

[Event "PRO League Pacific 2017"]
[Site "chess.com INT"]
[Date "2017.01.11"]
[Round "1"]
[White "Naroditsky, Daniel"]
[Black "Rosen, Eric S"]
[Result "1-0"]
[WhiteTitle "GM"]
[BlackTitle "IM"]
[WhiteElo "2646"]
[BlackElo "2364"]
[WhiteTeam "San Jose Hackers"]
[BlackTeam "Webster Windmills"]
[WhiteFideId "2026961"]
[BlackFideId "2032562"]
[EventDate "2017.01.11"]

1. e4 c5 2. Nf3 e6 3. d4 cxd4 4. Nxd4 Nc6 5. Nc3 Qc7 6. g3 a6 7. Bg2 h5 8. Nf3
Nf6 9. O-O Bc5 10. e5 Nxe5 11. Nxe5 Qxe5 12. Bf4 Qd4 13. Qe2 Be7 14. Rad1 Qb4
15. a3 Qa5 16. Bd6 Bxd6 17. Rxd6 Rb8 18. Rfd1 b5 19. Qe5 O-O 20. Ne4 Nxe4 21.
Bxe4 Bb7 22. Bxb7 Rxb7 23. Qxh5 Qc7 24. c3 Rd8 25. R1d4 f5 26. Rxa6 Qe5 27. Rad6
b4 28. axb4 Ra7 29. Kg2 Qe1 30. Qg5 Rf8 31. Rxd7 Rxd7 32. Rxd7 Qe4+ 33. Kh3 Rf7
34. Rd8+ Rf8 35. Rxf8+ Kxf8 36. Qe3 Qb1 37. Kg2 Kf7 38. Qe2 g5 39. b5 Qa2 40. b6
g4 41. Qb5 Qxb2 42. Qxb2 1-0

[Event "PRO League Pacific 2017"]
[Site "chess.com INT"]
[Date "2017.01.11"]
[Round "1"]
[White "Holt, Conrad"]
[Black "Finegold, Benjamin"]
[Result "0-1"]
[WhiteTitle "GM"]
[BlackTitle "GM"]
[WhiteElo "2567"]
[BlackElo "2483"]
[WhiteTeam "Dallas Destiny"]
[BlackTeam "St Louis Arch Bishops"]
[WhiteFideId "2034387"]
[BlackFideId "2000261"]
[EventDate "2017.01.11"]

1. d4 Nf6 2. c4 c5 3. d5 e5 4. Nc3 d6 5. e4 Be7 6. Be2 Nbd7 7. Nf3 Nf8 8. h4 h6
9. Nh2 Bd7 10. a3 a6 11. Be3 Ng6 12. g3 O-O 13. h5 Nh8 14. b4 b6 15. f4 exf4 16.
gxf4 Ne8 17. Nf3 Nf6 18. Nh2 Re8 19. bxc5 bxc5 20. e5 dxe5 21. fxe5 Bd6 22. exd6
Rxe3 23. Qd2 Rh3 24. O-O Nxh5 25. Bxh5 Rxh5 26. Ne4 Ng6 27. Nxc5 Bh3 28. Ne4
Bxf1 29. Rxf1 f5 30. Nc5 Ne5 31. Ne6 Qxd6 32. c5 Rxh2 33. Qxh2 Qxd5 34. Nf4
Qxc5+ 35. Kh1 Ng4 36. Qg3 Re8 37. a4 Re3 38. Qg2 Kh7 39. Qb7 Qd6 40. Qg2 Qf6 41.
Kg1 Qh4 42. Ne2 Qg5 43. Nf4 Re4 44. Qg3 Ne3 45. Rf3 Qxg3+ 46. Rxg3 Rxf4 47. Rxe3
Rxa4 48. Re6 Ra2 49. Kf1 a5 0-1

[Event "PRO League Pacific 2017"]
[Site "chess.com INT"]
[Date "2017.01.11"]
[Round "1"]
[White "Holt, Conrad"]
[Black "Akobian, Varuzhan"]
[Result "1-0"]
[WhiteTitle "GM"]
[BlackTitle "GM"]
[WhiteElo "2567"]
[BlackElo "2633"]
[WhiteTeam "Dallas Destiny"]
[BlackTeam "St Louis Arch Bishops"]
[WhiteFideId "2034387"]
[BlackFideId "13300580"]
[EventDate "2017.01.11"]

1. d4 d5 2. c4 e6 3. Nc3 c5 4. cxd5 exd5 5. Nf3 Nc6 6. g3 Nf6 7. Bg2 Be7 8. O-O
O-O 9. Bg5 cxd4 10. Nxd4 h6 11. Be3 Re8 12. Qa4 Bd7 13. Rac1 Na5 14. Qd1 Nc4 15.
Nxd5 Nxd5 16. Bxd5 Nxe3 17. fxe3 Bf6 18. Qb3 Re7 19. Qxb7 Rb8 20. Qc7 Bh3 21.
Qxd8+ Rxd8 22. Rxf6 gxf6 23. e4 f5 24. Rc3 Rd6 25. Rc6 Red7 26. e3 fxe4 27. Bxe4
Rxc6 28. Bxc6 Rd6 29. Kf2 Rf6+ 30. Ke2 Rf1 31. b4 Rb1 32. a3 Rb2+ 33. Kd3 Rxh2
34. a4 Kf8 35. a5 Ke7 36. Be4 Kd6 37. Kc3 Bf1 38. b5 Kc5 39. Bd3 Bxd3 40. Kxd3
Ra2 41. b6 axb6 42. axb6 Kxb6 43. Nf5 h5 44. Nd6 f6 45. Ne4 f5 46. Nd6 Rf2 47.
e4 Rf3+ 48. Ke2 Rxg3 49. exf5 h4 50. f6 1-0